| 000 | 00429nam a22001697a 4500 | ||
|---|---|---|---|
| 003 | NUST - PNEC | ||
| 005 | 20170116181049.0 | ||
| 008 | 150928b xxu||||| |||| 00| 0 eng d | ||
| 020 | _a075065015X | ||
| 040 | _cLIBRARY | ||
| 082 | _a629.1 DIN | ||
| 100 |
_97782 _a Dingle, Lloyd |
||
| 245 |
_aAircraft engineering principles _cLloyd Dingle |
||
| 260 | _cc2005 | ||
| 650 |
_97786 _aAerospace engineering _xME |
||
| 942 |
_2ddc _cBK |
||
| 999 |
_c68323 _d68323 |
||